000 00297nam a2200121Ia 4500
008 191201s2019 xx 000 0 und d
100 _aPOCHA, Jehangir S.
245 0 _aMarketing Whitebook 2007-2008
260 _aN.Delhi
_bBusness World
300 _a310
650 _aB.Tech(TE)
942 _2ddc
_cBK
999 _c3455
_d3455